O živote na tejto planéte ocenenie festivalu Ekotopfilm si prevezme slovisnký ...

Bibliographic Details
Main Author: Habláková, Martina (Author)
Format: Article
Language:Slovak
PhysicalDescription:Fotogr.
ISSN:1335-440X
Subjects:

MARC

LEADER 00000nab a2200000 ar4500
001 vtls009178175
003 SK-MaSNL
005 20260426063602.0
008 080128c20071022xo dr|p|||||||000 b|slo
015 |a SNBRB2008/01  |2 snkbucl 
040 |a SNKBUCL  |b slo  |c SNKBUCL  |e AACR2 
041 0 |a slo 
044 |a xo  |c SK 
080 |a 791.079:504  |x (437.6)  |2 2001 
100 1 |a Habláková, Martina  |4 aut  |9 869648 
245 1 0 |a O živote na tejto planéte  |b ocenenie festivalu Ekotopfilm si prevezme slovisnký ...  |c Martina Habláková 
300 |b Fotogr. 
500 |a Od 15.1.2007 návrat k pôvodnému vročeniu 
611 2 7 |a Ekotopfilm  |n (34. :  |d 2007 :  |c Bratislava, Slovensko)  |2 snkbucl  |9 1287102 
650 0 7 |a filmové festivaly a prehliadky  |2 snkbucl  |9 3405 
651 7 |a Bratislava (Slovensko)  |2 snkbucl  |9 14568 
773 0 |t Sme  |g Roč. 15, č. 243 (22.10.2007), s. 14  |x 1335-440X 
852 |a SNK  |b KIS3GCP 
958 |a SK 
999 |c 2557749  |d 2559679